| 000 | 01279cam a2200217 4500 | ||
|---|---|---|---|
| 001 | L127630 | ||
| 008 | 041006n2004 000 0 eng u | ||
| 035 | _a(Sirsi) u127630 | ||
| 041 | _aeng | ||
| 050 |
_a658.404 _c18 |
||
| 110 |
_aUniversity of Reading _93273 |
||
| 245 | 4 |
_aThe management of risk _byours, mine ours |
|
| 260 |
_aLondon _bRICS _c2004 |
||
| 300 |
_a44p. _c30cm. |
||
| 490 | _aRICS Project Management Faculty Feature | ||
| 520 | _aResearch report commissioned by the RICS Project Management Faculty from the University of Reading to consider the issues surrounding risk management. The research aimed to: identify the new and changing risks across the life of built facilities from inception to occupancy and disposal; determine how risk management is being carried out in practice by project managers; assess the level of risk management training in education courses offered by higher education establishments; and ascertain the extent of risk management tools and guidance available to project managers. | ||
| 690 |
_aProject management _96261 |
||
| 710 |
_aRoyal Institution of Chartered Surveyors _bProject Management Faculty _94639 |
||
| 856 |
_uhttps://www.akc.ie/documents/PMRiskFINAL.pdf _zView the report free of charge at www.akc.ie |
||
| 942 | _n0 | ||
| 999 |
_c103808 _d103808 |
||